Missing Word: Oscar D's Quiz Stats

 Plays Quiz Updated Apr 17, 2012

Support Sporcle.
Go Orange.
Score 0/40 Timer 05:00
1 Play Today
Winner D Word % Correct
___ DolittleDoctor
95.2%
The ___ KnightDark
94.5%
The ___ of Anne FrankDiary
94.4%
A Midsummer Night's ___Dream
94.4%
___ Poets SocietyDead
94.2%
___ HoffmanDustin
93.6%
Black Hawk ___Down
92%
___ with WolvesDances
91.1%
___ Day-LewisDaniel
90.3%
Guess Who's Coming to ___Dinner
89.4%
A Streetcar Named ___Desire
88.8%
___ KeatonDiane
88.4%
___ WashingtonDenzel
87.9%
___ AmecheDon
86.6%
Hello, ___!Dolly
84%
The ___ HunterDeer
81.7%
___ TracyDick
80.4%
The Picture of ___ GrayDorian
78.3%
Faye ___Dunaway
77.6%
Geena ___Davis
76.8%
Winner D Word % Correct
Judi ___Dench
74.9%
___ LiaisonsDangerous
71.6%
Samson and ___Delilah
71%
___ on the NileDeath
67.1%
Mrs. ___Doubtfire
64%
___ ReedDonna
54.8%
Patty ___Duke
53%
If I ___ Have YouDidn't
52.8%
Anne of a Thousand ___Days
52.8%
___ LeanDavid
52.7%
Olympia ___Dukakis
50.3%
Sandy ___Dennis
27%
Jonathan ___Demme
26.7%
Melvyn ___Douglas
25.7%
The Tin ___Drum
25.6%
___ JaggerDean
21.7%
___– Italian StyleDivorce
17.1%
The Ghost and the ___Darkness
16.9%
The ___ OnesDefiant
16.6%
___ MannDelbert
4.4%

Today's Daily Dose

You're not logged in!

Compare scores with friends on all Sporcle quizzes.
OR
Log In

From the Vault

Different First Letter Homophones

by MSUKent

This quiz 'sounds' like an excellent choice.
Remove Ads.
Support Sporcle.
Get the best of Sporcle when you Go Orange. This ad-free experience offers more features, more stats, and more fun while also helping to support Sporcle. Thank you for becoming a member.

Show Comments

Extras

Top Quizzes Today


Score Distribution

Your Account Isn't Verified!

In order to create a playlist on Sporcle, you need to verify the email address you used during registration. Go to your Sporcle Settings to finish the process.

Report this User

Report this user for behavior that violates our Community Guidelines.

Details: